00774nam a2200241 a 4500001001300000003000900013005001700022008004100039020001400080082001800094100002400112245008100136260004500217300000900262500003500271505002600306650002300332700002400355902000800379942000700387952012100394999001700515nice12345678IN_TiNIC20260116013939.0050524s1992 chia grp 000 0 eng  ac1580.2500a296.3875bSPE aSpero, Moshe Halevi aReligious Objects as Psychological Structuresb Critical Integration of Obje aChicagobChicago University Press c1992 a242p aincludes index and biblioraphy2 aselected bibliography aJudaism-Psychology1 aSpero, Moshe Halevi bSRS cBK 001040708StackRoom-aHMIbHMId2007-07-31g1580.25l0o296.3875 SPEp018389r2007-07-31v1580.25w2005-05-24yBK c13225d13225